[Event "EYCC Open U14 2021"]
[Site "Tornelo"]
[Date "2021.10.15"]
[Round "4.8"]
[White "Ponomarev, Vsevolod"]
[Black "Veselov, Yaroslav"]
[Result "1/2-1/2"]
[WhiteElo "2135"]
[BlackElo "1922"]
[Annotator "ChessBase"]
[PlyCount "90"]
[EventDate "2021.10.15"]
[EventType "swiss"]
[EventCountry "NET"]
[SourceTitle "playchess.com"]
[Source "ChessBase"]
[SourceQuality "1"]
[TimeControl "5400+30"]

1. e4 {[%emt 0:00:56]} c5 {[%emt 0:03:47]} 2. Nf3 {[%emt 0:00:03]} e6 {[%emt 0:00:06]} 3. d4 {[%emt 0:00:03]} cxd4 {[%emt 0:00:04]} 4. Nxd4 {[%emt 0:00:02]} Nc6 {[%emt 0:00:05]} 5. Nc3 {[%emt 0:00:03]} Qc7 {[%emt 0:00:05]} 6. Be2 {[%emt 0:00:05]} a6 {[%emt 0:00:05]} 7. f4 {[%emt 0:00:18]} d6 {[%emt 0:01:02]} 8. Be3 {[%emt 0:00:16]} Nf6 {[%emt 0:00:05]} 9. Qd2 {[%emt 0:00:48]} Be7 {[%emt 0:00:42]} 10. O-O-O {[%emt 0:00:14]} O-O {[%emt 0:00:31]} 11. g4 {[%emt 0:00:41]} b5 {[%emt 0:05:28]} 12. g5 {[%emt 0:01:48]} Nd7 {[%emt 0:00:26]} 13. a3 {[%emt 0:04:19]} Bb7 {[%emt 0:02:17]} 14. Rhf1 {[%emt 0:06:03]} Nxd4 {[%emt 0:02:18]} 15. Bxd4 {[%emt 0:01:00]} e5 {[%emt 0:01:10]} 16. Be3 {[%emt 0:00:53]} exf4 {[%emt 0:00:04]} 17. Bxf4 {[%emt 0:00:05]} Ne5 {[%emt 0:00:04]} 18. Nd5 {[%emt 0:04:56]} Bxd5 {[%emt 0:00:17]} 19. exd5 {[%emt 0:00:29]} Rfd8 {[%emt 0:06:26]} 20. Bd3 {[%emt 0:04:01]} Bf8 {[%emt 0:04:02]} 21. Bxe5 {[%emt 0:13:27]} dxe5 {[%emt 0:00:49]} 22. h4 {[%emt 0:02:14]} b4 {[%emt 0:16:25]} 23. axb4 {[%emt 0:00:08]} Rab8 {[%emt 0:00:24]} 24. g6 {[%emt 0:12:25]} hxg6 {[%emt 0:16:49]} 25. h5 {[%emt 0:01:39]} Bxb4 {[%emt 0:00:04]} 26. c3 {[%emt 0:06:32]} e4 {[%emt 0:08:10]} 27. Bxe4 {[%emt 0:07:07]} Rdc8 {[%emt 0:00:44]} 28. Kc2 {[%emt 0:11:09]} Qc4 {[%emt 0:12:25]} 29. Qd3 {[%emt 0:03:33]} gxh5 {[%emt 0:05:07]} 30. Qxc4 {[%emt 0:00:52]} Rxc4 {[%emt 0:00:02]} 31. Kd3 {[%emt 0:00:16]} Rcc8 {[%emt 0:00:06]} 32. cxb4 {[%emt 0:01:14]} Rxb4 {[%emt 0:00:03]} 33. Rc1 {[%emt 0:02:19]} Re8 {[%emt 0:01:11]} 34. Rfe1 {[%emt 0:02:18]} Rxb2 {[%emt 0:01:59]} 35. Rb1 {[%emt 0:00:04]} Rf2 {[%emt 0:02:51]} 36. Rf1 {[%emt 0:01:43]} Ra2 {[%emt 0:01:38]} 37. Ra1 {[%emt 0:00:08]} Rb2 {[%emt 0:00:47]} 38. Rab1 {[%emt 0:00:39]} Ra2 {[%emt 0:00:16]} 39. Ra1 {[%emt 0:00:20]} Rb2 {[%emt 0:00:03]} 40. Rfb1 {[%emt 0:01:08]} Rh2 {[%emt 0:00:07]} 41. Rh1 {[%emt 0:00:18]} Rb2 {[%emt 0:00:10]} 42. Rab1 {[%emt 0:01:24]} Ra2 {[%emt 0:00:05]} 43. Ra1 {[%emt 0:02:55]} Rb2 {[%emt 0:00:22]} 44. Rhb1 {[%emt 0:00:43]} Rh2 {[%emt 0:00:06]} 45. Rh1 {[%emt 0:01:18]} Rb2 {[%emt 0:00:06]} 1/2-1/2

[Event "EYCC Open U14 2021"]
[Site "Tornelo"]
[Date "2021.10.15"]
[Round "4.9"]
[White "Macias Pino, Diego"]
[Black "Ciocani, Iosif"]
[Result "1-0"]
[WhiteElo "2365"]
[BlackElo "2026"]
[Annotator "ChessBase"]
[PlyCount "47"]
[EventDate "2021.10.15"]
[EventType "swiss"]
[EventCountry "NET"]
[SourceTitle "playchess.com"]
[Source "ChessBase"]
[SourceQuality "1"]
[TimeControl "5400+30"]

1. e4 {[%emt 0:00:30]} c5 {[%emt 0:00:35]} 2. Nf3 {[%emt 0:00:06]} Nc6 {[%emt 0:00:23]} 3. d4 {[%emt 0:00:17]} cxd4 {[%emt 0:00:07]} 4. Nxd4 {[%emt 0:00:05]} g6 {[%emt 0:00:18]} 5. c4 {[%emt 0:01:17]} Bg7 {[%emt 0:01:01]} 6. Be3 {[%emt 0:00:07]} d6 {[%emt 0:00:11]} 7. Nc3 {[%emt 0:00:28]} Nf6 {[%emt 0:00:07]} 8. Be2 {[%emt 0:00:38]} O-O {[%emt 0:00:26]} 9. O-O {[%emt 0:00:35]} a5 {[%emt 0:00:22]} 10. c5 {[%emt 0:17:05]} Re8 {[%emt 0:09:19]} 11. Rc1 {[%emt 0:12:59]} Bf8 {[%emt 0:19:31]} 12. cxd6 {[%emt 0:03:45]} exd6 {[%emt 0:00:46]} 13. Bg5 {[%emt 0:02:53]} Be7 {[%emt 0:03:05]} 14. Ndb5 {[%emt 0:02:27]} Be6 {[%emt 0:09:49]} 15. Kh1 {[%emt 0:06:08]} Qd7 {[%emt 0:06:41]} 16. f3 {[%emt 0:05:14]} Red8 {[%emt 0:05:38]} 17. Na4 {[%emt 0:01:40]} Ra6 {[%emt 0:12:20]} 18. Nbc3 {[%emt 0:01:21]} Nb4 {[%emt 0:00:17]} 19. a3 {[%emt 0:00:48]} Nc6 {[%emt 0:01:01]} 20. Bxa6 {[%emt 0:01:28]} bxa6 {[%emt 0:00:03]} 21. Nb6 {[%emt 0:01:20]} Qb7 {[%emt 0:00:08]} 22. Bxf6 {[%emt 0:00:15]} Bxf6 {[%emt 0:00:32]} 23. Ncd5 {[%emt 0:00:07]} Bg7 {[%emt 0:00:43]} 24. Rxc6 {[%emt 0:01:12]} 1-0

[Event "EYCC Open U14 2021"]
[Site "Tornelo"]
[Date "2021.10.15"]
[Round "4.10"]
[White "Kanov, Nikola"]
[Black "Colev, Ivor"]
[Result "1-0"]
[WhiteElo "2150"]
[BlackElo "2004"]
[Annotator "ChessBase"]
[PlyCount "71"]
[EventDate "2021.10.15"]
[EventType "swiss"]
[EventCountry "NET"]
[SourceTitle "playchess.com"]
[Source "ChessBase"]
[SourceQuality "1"]
[TimeControl "5400+30"]

1. e4 {[%emt 0:00:30]} c5 {[%emt 0:00:34]} 2. Nf3 {[%emt 0:00:06]} d6 {[%emt 0:00:05]} 3. d4 {[%emt 0:00:05]} cxd4 {[%emt 0:00:01]} 4. Nxd4 {[%emt 0:00:06]} Nf6 {[%emt 0:00:02]} 5. Nc3 {[%emt 0:00:06]} e6 {[%emt 0:00:08]} 6. g4 {[%emt 0:00:24]} h6 {[%emt 0:00:10]} 7. Be3 {[%emt 0:00:20]} Nc6 {[%emt 0:01:01]} 8. Rg1 {[%emt 0:00:33]} Be7 {[%emt 0:09:30]} 9. h4 {[%emt 0:02:50]} h5 {[%emt 0:04:22]} 10. gxh5 {[%emt 0:00:12]} Nxh5 {[%emt 0:00:05]} 11. Be2 {[%emt 0:00:10]} g6 {[%emt 0:00:48]} 12. Qd2 {[%emt 0:01:05]} a6 {[%emt 0:12:13]} 13. Nxc6 {[%emt 0:04:43]} bxc6 {[%emt 0:00:10]} 14. O-O-O {[%emt 0:00:34]} Qc7 {[%emt 0:01:11]} 15. Bc4 {[%emt 0:02:56]} Rb8 {[%emt 0:04:19]} 16. Bb3 {[%emt 0:02:35]} Bd7 {[%emt 0:03:17]} 17. f4 {[%emt 0:00:43]} Qb7 {[%emt 0:12:06]} 18. f5 {[%emt 0:06:54]} c5 {[%emt 0:23:25]} 19. Qe2 {[%emt 0:11:02]} Bb5 {[%emt 0:06:23]} 20. Nxb5 {[%emt 0:06:49]} Qxb5 {[%emt 0:00:28]} 21. c4 {[%emt 0:01:04]} Qc6 {[%emt 0:07:36]} 22. fxe6 {[%emt 0:01:07]} fxe6 {[%emt 0:00:08]} 23. Qc2 {[%emt 0:00:22]} Kd8 {[%emt 0:02:04]} 24. Rxg6 {[%emt 0:11:50]} Bf6 {[%emt 0:03:53]} 25. Rxf6 {[%emt 0:03:11]} Nxf6 {[%emt 0:00:18]} 26. Bg5 {[%emt 0:00:07]} Ke7 {[%emt 0:01:10]} 27. Ba4 {[%emt 0:00:22]} Qb7 {[%emt 0:03:21]} 28. e5 {[%emt 0:00:29]} dxe5 {[%emt 0:01:00]} 29. Rd7+ {[%emt 0:00:57]} Qxd7 {[%emt 0:00:03]} 30. Bxd7 {[%emt 0:00:12]} Kxd7 {[%emt 0:00:06]} 31. Bxf6 {[%emt 0:00:06]} Rhg8 {[%emt 0:00:14]} 32. Qh7+ {[%emt 0:01:18]} Kc6 {[%emt 0:00:30]} 33. Qe4+ {[%emt 0:00:06]} Kb6 {[%emt 0:00:27]} 34. Qxe5 {[%emt 0:00:45]} Rg1+ {[%emt 0:00:40]} 35. Kc2 {[%emt 0:00:20]} Rg2+ {[%emt 0:00:02]} 36. Kc3 {[%emt 0:00:09]} 1-0

[Event "EYCC Open U14 2021"]
[Site "Tornelo"]
[Date "2021.10.15"]
[Round "4.11"]
[White "Rakovsky, Jakub"]
[Black "Lavrencic, Matic"]
[Result "0-1"]
[WhiteElo "1916"]
[BlackElo "2149"]
[Annotator "ChessBase"]
[PlyCount "92"]
[EventDate "2021.10.15"]
[EventType "swiss"]
[EventCountry "NET"]
[SourceTitle "playchess.com"]
[Source "ChessBase"]
[SourceQuality "1"]
[TimeControl "5400+30"]

1. e4 {[%emt 0:00:30]} c5 {[%emt 0:00:34]} 2. Nf3 {[%emt 0:00:07]} d6 {[%emt 0:00:03]} 3. d4 {[%emt 0:00:05]} cxd4 {[%emt 0:00:03]} 4. Nxd4 {[%emt 0:00:08]} Nf6 {[%emt 0:00:03]} 5. Nc3 {[%emt 0:00:09]} a6 {[%emt 0:00:05]} 6. Bc4 {[%emt 0:00:06]} e6 {[%emt 0:00:06]} 7. Bb3 {[%emt 0:00:06]} Nbd7 {[%emt 0:00:08]} 8. f4 {[%emt 0:00:14]} b5 {[%emt 0:00:24]} 9. f5 {[%emt 0:07:06]} Nc5 {[%emt 0:02:27]} 10. O-O {[%emt 0:02:08]} Bd7 {[%emt 0:01:51]} 11. Bg5 {[%emt 0:15:28]} Be7 {[%emt 0:00:09]} 12. Bxf6 {[%emt 0:11:16]} Bxf6 {[%emt 0:00:09]} 13. Nxe6 {[%emt 0:11:08]} Bxe6 {[%emt 0:05:36]} 14. fxe6 {[%emt 0:01:44]} fxe6 {[%emt 0:00:05]} 15. Qg4 {[%emt 0:04:00]} Qe7 {[%emt 0:01:56]} 16. Ne2 {[%emt 0:05:30]} O-O {[%emt 0:01:38]} 17. c3 {[%emt 0:01:14]} Nxb3 {[%emt 0:00:36]} 18. axb3 {[%emt 0:00:08]} Qa7+ {[%emt 0:13:02]} 19. Kh1 {[%emt 0:00:45]} Rae8 {[%emt 0:00:38]} 20. Rf3 {[%emt 0:11:51]} Be5 {[%emt 0:01:54]} 21. Rxf8+ {[%emt 0:01:21]} Kxf8 {[%emt 0:00:27]} 22. Nf4 {[%emt 0:01:57]} Kg8 {[%emt 0:01:13]} 23. Nxe6 {[%emt 0:01:15]} Qd7 {[%emt 0:00:25]} 24. Rxa6 {[%emt 0:02:52]} Qxe6 {[%emt 0:00:48]} 25. Qxe6+ {[%emt 0:02:39]} Rxe6 {[%emt 0:00:05]} 26. Rb6 {[%emt 0:01:20]} Bf6 {[%emt 0:00:47]} 27. Rxb5 {[%emt 0:00:35]} Rxe4 {[%emt 0:00:05]} 28. Kg1 {[%emt 0:02:26]} Re2 {[%emt 0:00:55]} 29. Rd5 {[%emt 0:00:11]} Rxb2 {[%emt 0:00:20]} 30. Rxd6 {[%emt 0:02:03]} Bxc3 {[%emt 0:00:17]} 31. Rd3 {[%emt 0:01:09]} Rxb3 {[%emt 0:00:08]} 32. Rd8+ {[%emt 0:00:26]} Kf7 {[%emt 0:00:05]} 33. Kf2 {[%emt 0:00:02]} Bf6 {[%emt 0:00:09]} 34. Rd1 {[%emt 0:00:55]} h5 {[%emt 0:00:36]} 35. Rd5 {[%emt 0:00:19]} Kg6 {[%emt 0:00:10]} 36. g3 {[%emt 0:00:46]} Rb2+ {[%emt 0:00:07]} 37. Kg1 {[%emt 0:00:05]} Re2 {[%emt 0:02:02]} 38. Kh1 {[%emt 0:03:08]} Re5 {[%emt 0:00:10]} 39. Rd3 {[%emt 0:00:29]} Kg5 {[%emt 0:00:37]} 40. Kg2 {[%emt 0:01:04]} Rc5 {[%emt 0:00:47]} 41. Kh3 {[%emt 0:01:08]} Kf5 {[%emt 0:00:54]} 42. Rd2 {[%emt 0:01:54]} g5 {[%emt 0:00:21]} 43. Rf2+ {[%emt 0:01:26]} Kg6 {[%emt 0:00:05]} 44. Rd2 {[%emt 0:00:28]} Rb5 {[%emt 0:00:08]} 45. Rd3 {[%emt 0:02:11]} Rb2 {[%emt 0:00:21]} 46. g4 {[%emt 0:00:45]} Be5 {[%emt 0:00:40]} 0-1

[Event "EYCC Open U14 2021"]
[Site "Tornelo"]
[Date "2021.10.15"]
[Round "4.12"]
[White "Pashikyan, Rudolf"]
[Black "Makridis, Dimitrios"]
[Result "1-0"]
[WhiteElo "1831"]
[BlackElo "2138"]
[Annotator "ChessBase"]
[PlyCount "95"]
[EventDate "2021.10.15"]
[EventType "swiss"]
[EventCountry "NET"]
[SourceTitle "playchess.com"]
[Source "ChessBase"]
[SourceQuality "1"]
[TimeControl "5400+30"]

1. e4 {[%emt 0:00:30]} c5 {[%emt 0:00:36]} 2. Nf3 {[%emt 0:00:03]} Nc6 {[%emt 0:00:03]} 3. Bb5 {[%emt 0:00:04]} g6 {[%emt 0:00:03]} 4. Bxc6 {[%emt 0:00:03]} dxc6 {[%emt 0:00:07]} 5. d3 {[%emt 0:00:28]} Bg7 {[%emt 0:00:17]} 6. h3 {[%emt 0:00:11]} Nf6 {[%emt 0:00:55]} 7. Nc3 {[%emt 0:00:13]} Nd7 {[%emt 0:01:46]} 8. Be3 {[%emt 0:00:16]} e5 {[%emt 0:00:07]} 9. O-O {[%emt 0:00:10]} b6 {[%emt 0:01:36]} 10. Qc1 {[%emt 0:00:12]} h6 {[%emt 0:01:31]} 11. a3 {[%emt 0:00:08]} Nf8 {[%emt 0:01:38]} 12. b4 {[%emt 0:00:14]} Ne6 {[%emt 0:07:04]} 13. bxc5 {[%emt 0:00:20]} bxc5 {[%emt 0:00:27]} 14. Ne2 {[%emt 0:04:30]} f5 {[%emt 0:06:11]} 15. exf5 {[%emt 0:04:18]} gxf5 {[%emt 0:00:03]} 16. Rb1 {[%emt 0:00:03]} f4 {[%emt 0:01:26]} 17. Bd2 {[%emt 0:00:13]} Ng5 {[%emt 0:00:30]} 18. Nxg5 {[%emt 0:00:42]} hxg5 {[%emt 0:01:01]} 19. f3 {[%emt 0:03:45]} O-O {[%emt 0:13:07]} 20. Bc3 {[%emt 0:05:50]} Ba6 {[%emt 0:01:44]} 21. Qe1 {[%emt 0:04:46]} c4 {[%emt 0:03:02]} 22. dxc4 {[%emt 0:09:39]} Bxc4 {[%emt 0:00:09]} 23. Rf2 {[%emt 0:00:28]} Qd5 {[%emt 0:05:44]} 24. Ba1 {[%emt 0:03:10]} Rab8 {[%emt 0:06:12]} 25. Nc3 {[%emt 0:07:06]} Qd4 {[%emt 0:01:16]} 26. Ne4 {[%emt 0:03:18]} Qe3 {[%emt 0:00:45]} 27. Rd1 {[%emt 0:03:39]} Rfd8 {[%emt 0:04:05]} 28. Kh2 {[%emt 0:00:25]} Rxd1 {[%emt 0:02:49]} 29. Qxd1 {[%emt 0:00:15]} Bd5 {[%emt 0:00:04]} 30. Re2 {[%emt 0:00:16]} Qxa3 {[%emt 0:00:52]} 31. Nxg5 {[%emt 0:00:20]} Qe7 {[%emt 0:02:32]} 32. h4 {[%emt 0:04:48]} Rd8 {[%emt 0:08:48]} 33. Qd3 {[%emt 0:03:29]} Bf6 {[%emt 0:06:09]} 34. c4 {[%emt 0:01:41]} e4 {[%emt 0:01:18]} 35. Bxf6 {[%emt 0:00:27]} Qxf6 {[%emt 0:00:26]} 36. fxe4 {[%emt 0:00:20]} Bf7 {[%emt 0:00:31]} 37. Qh3 {[%emt 0:07:34]} Bxc4 {[%emt 0:07:43]} 38. Rf2 {[%emt 0:00:22]} Kh8 {[%emt 0:06:34]} 39. Qg4 {[%emt 0:00:35]} Bg8 {[%emt 0:00:58]} 40. Rxf4 {[%emt 0:00:31]} Qh6 {[%emt 0:00:52]} 41. e5 {[%emt 0:02:42]} Rf8 {[%emt 0:00:59]} 42. e6 {[%emt 0:00:15]} Re8 {[%emt 0:04:11]} 43. Nf7+ {[%emt 0:00:32]} Bxf7 {[%emt 0:00:03]} 44. exf7 {[%emt 0:00:03]} Rf8 {[%emt 0:00:11]} 45. Rf5 {[%emt 0:00:05]} Qd6+ {[%emt 0:00:09]} 46. Kh3 {[%emt 0:00:04]} Qd3+ {[%emt 0:00:04]} 47. g3 {[%emt 0:00:04]} Qb1 {[%emt 0:00:33]} 48. Rh5+ {[%emt 0:00:04]} 1-0

[Event "EYCC Open U14 2021"]
[Site "Tornelo"]
[Date "2021.10.15"]
[Round "5.1"]
[White "Gasanov, Vadim"]
[Black "Khubukshanov, Erdem"]
[Result "0-1"]
[WhiteElo "2027"]
[BlackElo "2373"]
[Annotator "TA"]
[PlyCount "76"]
[EventDate "2021.10.15"]
[EventType "swiss"]
[EventCountry "NET"]
[SourceTitle "playchess.com"]
[Source "ChessBase"]
[SourceQuality "1"]

{[%evp 19,76,26,20,0,16,-33,-30,-43,-29,-51,-48,-50,-53,-81,-86,-131,-144,-142,-87,-88,-96,-102,-73,-67,-75,-116,-115,-115,-106,-112,-110,-134,-103,-100,-95,-358,-339,-671,-671,-666,-665,-672,-664,-644,-639,-617,-540,-783,-734,-967,-967,-5506,-5506,-5802,-5831,-29993,-29994,-29994,-29995]} 1. e4 c6 2. d4 d5 3. Nc3 dxe4 4. Nxe4 Nf6 5. Nxf6+ exf6 6. c3 Bd6 7. Bd3 O-O 8. Ne2 Qc7 9. Be3 Re8 10. Qc2 h6 11. O-O-O {B15: Caro-Kann: 3 Nc3: 3...g6 and 3...dxe4 4 Nxe4 Nf6 5 Nxf6+ exf6.} b5 12. Ng3 Be6 13. Kb1 {Black has an edge.} Nd7 {[#]} 14. Qd2 $146 ({Predecessor:} 14. Nf5 Nb6 15. Bc1 Na4 16. Ka1 Bf8 17. c4 bxc4 18. Bxc4 Bxc4 19. Qxc4 Nb6 20. Qc2 {1-0 (43) Fernandez de La Vara,A (2501)-Martinez Ramirez,L (2405) Camaguey 2018}) 14... Bf8 15. Bf4 Qa5 16. b3 Nb6 17. Be4 Nd5 18. Bxd5 Bxd5 (18... cxd5 $142 19. Qd3 Rac8) 19. f3 $17 Qd8 20. Rhe1 a5 {[%cal Ba7a5,Ba5a4][%mdl 32]} 21. Rxe8 Qxe8 22. Re1 Qd7 23. Ne4 a4 24. b4 Re8 25. Ng3 Be6 26. Ne4 Qd5 {White must now prevent ...f5.} 27. Bxh6 $2 {[%mdl 8192] Now White is beyond hope.} f5 $19 28. Bf4 $2 (28. Ka1) 28... fxe4 29. fxe4 {[#]} Bf5 $1 {[%mdl 512]} 30. exf5 (30. Ka1 Rxe4) 30... Qxf5+ 31. Kb2 Rxe1 32. Qxe1 Qxf4 33. h3 g6 34. g3 Qf3 35. h4 Qg2+ 36. Ka3 Bh6 {( -> ...Qc2)} 37. h5 {[#]} Qxg3 $3 {[%mdl 512]} 38. Qe8+ Kg7 {[%cal Rg3c3] Weighted Error Value: White=1.11/Black=0.04} 0-1

[Event "EYCC Open U14 2021"]
[Site "Tornelo"]
[Date "2021.10.15"]
[Round "5.2"]
[White "Palczert, Matyas"]
[Black "Seemann, Jakub"]
[Result "0-1"]
[WhiteElo "2204"]
[BlackElo "2299"]
[Annotator "TA"]
[PlyCount "56"]
[EventDate "2021.10.15"]
[EventType "swiss"]
[EventCountry "NET"]
[SourceTitle "playchess.com"]
[Source "ChessBase"]
[SourceQuality "1"]

{[%evp 26,56,27,19,49,8,10,22,61,-102,-113,-99,-96,-92,-96,-427,-207,-491,-493,-458,-462,-676,-636,-833,-856,-770,-738,-1052,-860,-840,-798,-1054,-1041]} 1. e4 c5 2. Nf3 d6 3. d4 cxd4 4. Nxd4 Nf6 5. Nc3 Nc6 6. Bg5 e6 7. Qd2 a6 8. O-O-O Bd7 9. f4 Be7 10. Nf3 b5 11. e5 b4 12. exf6 bxc3 13. Qxc3 gxf6 14. Bh4 Rg8 {B68: Sicilian: Richter-Rauzer: 7...a6 8 0-0-0 Bd7 9 f4 Be7 .} 15. Bf2 {[#]} a5 $146 ({Predecessor:} 15... f5 16. Qd2 Qa5 17. Qxa5 Nxa5 18. Nd4 Nc6 19. g3 Nxd4 20. Bxd4 Bc6 21. Rg1 Kd7 22. Kb1 {0-1 (40) Nastore,P (2219)-Golubev,M (2461) Chess.com INT 2021}) 16. Nd4 Nb4 {The position is equal.} 17. Kb1 {[#]} (17. Qh3 $14 {stays ahead.}) 17... e5 $1 $17 18. fxe5 fxe5 {Hoping for ...Rc8.} 19. Nb5 Rc8 $36 {[%mdl 2048] Keeping White busy.} 20. Qd2 {[%mdl 8192] White does not recover from this.} (20. Bc4 $17 {is more resistant.} Be6 21. b3) 20... Bf5 (20... Rxc2 $142 21. Nxd6+ Kf8) 21. Bd3 $2 (21. Rc1 {was necessary.}) 21... Bxd3 $19 {Black is clearly winning.} 22. cxd3 Rc2 23. Qe3 (23. Qe1 $142 Rxg2 24. Rd2 Rxd2 25. Qxd2) 23... Rxg2 24. Rhf1 {With the idea a3.} Qb8 ({And not} 24... Bg5 25. Qf3 $11) 25. a4 Qb7 {( -> ...Qd5)} 26. Rc1 Qc6 {Strongly threatening ...Bg5!} 27. Na3 {[#]} Rgxf2 $1 {[%mdl 512]} 28. Nxc2 (28. Rxf2 Rxc1+) 28... Rxf1 {Weighted Error Value: White=1.41/Black=0.32} 0-1

[Event "EYCC Open U14 2021"]
[Site "Tornelo"]
[Date "2021.10.15"]
[Round "5.3"]
[White "Lavrencic, Matic"]
[Black "Zakharov, Alexey O."]
[Result "1/2-1/2"]
[WhiteElo "2149"]
[BlackElo "1962"]
[Annotator "TA"]
[PlyCount "76"]
[EventDate "2021.10.15"]
[EventType "swiss"]
[EventCountry "NET"]
[SourceTitle "playchess.com"]
[Source "ChessBase"]
[SourceQuality "1"]

{[%evp 14,76,16,20,28,0,0,0,0,-12,10,0,34,32,15,17,27,37,42,0,0,0,6,0,0,0,61,83,62,27,33,43,80,68,79,75,75,79,90,79,78,75,142,125,177,151,150,132,151,129,138,110,158,54,206,100,117,95,94,0,67,0,100,0,83]} 1. e4 c5 2. Nf3 Nc6 3. Bb5 g6 4. O-O Bg7 5. Re1 Nf6 6. Bxc6 dxc6 7. d3 O-O 8. h3 $1 {8.h3 is better than 8.Nc3.} Ne8 {B31: Sicilian: 2...Nc6 3 Bb5 g6.} 9. Nc3 e5 10. Be3 b6 11. Qd2 f6 12. a3 Nc7 13. b4 cxb4 14. axb4 {[#]} Ne6 $146 ({Predecessor:} 14... Rf7 15. Na4 Rd7 16. Qc3 Rd6 17. Qb2 Bb7 18. Qb3+ Kh8 19. Nb2 Bc8 20. c4 Be6 {½-½ (67) Bouhallel,R (2330)-Terrieux,K (2345) France 2007}) 15. Ne2 Re8 16. Rad1 c5 17. c3 cxb4 18. cxb4 Bb7 19. Ng3 Nd4 (19... Qd7 $11) 20. Nxd4 $14 exd4 21. Bh6 Bxh6 22. Qxh6 Qd6 23. Rb1 Rac8 24. Qd2 a6 25. h4 Kg7 26. h5 Bc6 27. Rbc1 Re5 (27... Bb5 $142) 28. Rc4 Rd8 (28... Bb7 $16) 29. Rec1 Bb5 30. Rc7+ Re7 31. Rxe7+ Qxe7 32. Ne2 Qe5 33. Nf4 (33. h6+ $16 Kh8 34. Qa2) 33... Be8 $2 {[#]} (33... gxh5 $14 34. Nd5 Qg5 35. Rc7+ Rd7) 34. Rc7+ $3 {[%mdl 512]} Rd7 $16 35. Rc6 {Threatens to win with Ne6+.} Rd6 36. Rc7+ Rd7 37. Rc6 {Ne6+ is the strong threat.} Rd6 38. Rc7+ Rd7 {Weighted Error Value: White=0.21/Black=0.22} 1/2-1/2

[Event "EYCC Open U14 2021"]
[Site "Tornelo"]
[Date "2021.10.15"]
[Round "5.4"]
[White "Magalakis, Stefanos"]
[Black "Macias Pino, Diego"]
[Result "1-0"]
[WhiteElo "2065"]
[BlackElo "2365"]
[Annotator "TA"]
[PlyCount "147"]
[EventDate "2021.10.15"]
[EventType "swiss"]
[EventCountry "NET"]
[SourceTitle "playchess.com"]
[Source "ChessBase"]
[SourceQuality "1"]

{[%evp 12,147,27,16,22,23,28,18,17,20,17,6,41,28,25,25,47,14,23,19,51,43,39,36,41,35,55,53,66,56,68,51,78,60,76,75,83,52,95,92,104,80,84,91,74,78,97,87,129,97,83,68,116,116,151,157,157,158,181,209,231,155,155,159,156,150,162,157,165,141,202,195,201,192,201,191,183,159,225,214,208,212,224,211,211,211,234,222,254,248,235,218,283,267,447,433,675,740,1607,1619,1600,1529,1406,1180,1575,1378,1778,1595,5522,2108,29972,29973,29972,29973,29973,29975,29975,29976,29976,29977,29977,29978,29977,29978,29982,29980,29984,29980,29985,29986,29986,29986,29986,29987,29987,29988,29988,29989]} 1. d4 d5 2. c4 dxc4 3. Nf3 Nf6 4. e3 e6 5. Bxc4 a6 6. O-O b5 7. Be2 $1 {[%mdl 4] is now more promising than 7.Bd3.} Bb7 {D26: Queen's Gambit Accepted: 4 e3 e6 5 Bxc5 c5 sidelines.} 8. a4 b4 9. Nbd2 c5 {The position is equal.} 10. Nc4 Nbd7 11. b3 Qc7 12. Bb2 Be7 13. dxc5 {[#] And now Nd6+ would win.} Bxc5 14. Rc1 O-O {[#]} 15. Nce5 $146 ({Predecessor:} 15. Nfe5 Rfd8 16. Qe1 Rac8 17. Nxd7 Nxd7 18. f3 Bd5 19. Kh1 Ba8 20. e4 Qf4 21. Qg3 {1-0 (76) Mamedyarov,S (2764)-Maly,A (2371) Chess.com INT 2020}) 15... Nxe5 16. Nxe5 {Nd3 is the strong threat.} Qe7 17. Bf3 Rfd8 18. Qe2 {Black must now prevent Bxb7.} Nd5 19. Nc4 a5 20. Rfd1 h6 21. h3 Rdc8 22. Rc2 Rc7 23. Rdc1 f6 24. g3 Rd7 25. Bg2 Ra7 26. e4 Nc3 27. Bxc3 bxc3 28. Rxc3 Bd4 29. R3c2 Qb4 30. Qh5 {Hoping for Qe8+.} Kh7 31. Qe8 Re7 32. Qb5 e5 33. Qxb4 axb4 34. Nd6 Ba6 35. Bf1 Re6 36. Nb5 Bxb5 37. Bxb5 Bc3 38. Rd1 g6 39. g4 Kg7 40. Ra2 Ra5 (40... Bd4 $16 {might work better.} 41. a5 f5 42. exf5 (42. gxf5 Rd6 $16) 42... gxf5) 41. Rd7+ $18 Kf8 42. Kf1 Re7 43. Rd8+ Kg7 44. Ke2 h5 (44... g5 $16 {was called for.} 45. Rc2 Rc7) 45. gxh5 gxh5 46. Rc2 Kh6 47. Rc1 Raa7 48. Rd6 Rf7 49. Bc4 Rad7 50. Rcd1 Rxd6 51. Rxd6 {[%mdl 4096] Endgame KRB-KRB} Rf8 52. a5 Bd4 $2 (52... Kg5 53. a6 Bd4) 53. a6 Rc8 (53... Ra8 $142 54. Rxf6+ Kg5) 54. h4 Kg6 {[#]} 55. Rxd4 $1 {[%mdl 512]} exd4 {KR-KB} 56. Bd5 Rc2+ 57. Kd3 {[%mdl 64] Double Attack} Ra2 58. Bb7 f5 59. e5 Kf7 60. Kxd4 Ke6 61. Kc5 {White mates.} Kxe5 62. Kb6 Kd4 63. a7 Kc3 64. a8=Q Rxa8 65. Bxa8 Kxb3 {KB-K3P} 66. Kc5 Kc3 67. Bd5 f4 68. Bf7 Kd2 69. Kxb4 Ke2 70. Bxh5+ Kxf2 71. Bd1 Ke1 72. Bg4 Kf2 73. h5 Kg3 74. Bd1 {Weighted Error Value: White=0.08/Black=0.42} 1-0